| 000 | 00675nam a2200229 a 4500 | ||
|---|---|---|---|
| 999 |
_c3079 _d3079 |
||
| 001 | 3079 | ||
| 003 | BD-JhCC | ||
| 005 | 20171109193403.0 | ||
| 008 | 171109s2006 bg |||| ||a| 000 0 ben d | ||
| 020 | _a9844105072 | ||
| 035 | _a(BD-JhCC)3079 | ||
| 040 |
_aBD-JhCC _dBD-JhCC |
||
| 041 | _aben | ||
| 082 |
_a398.09 _bZAK 2006 |
||
| 100 | _aজাকারিয়া, সাইমন | ||
| 245 |
_aপ্রণমহি বঙ্গমাতা / _cসাইমন জাকারিয়া, |
||
| 260 |
_aঢাকা : _bমাওলা ব্রাদার্স, _c2006 |
||
| 300 |
_a192 p. : _c22 cm. |
||
| 650 | _aFoklore | ||
| 942 |
_2ddc _cBK |
||